Name an Arsenal FC scorer from each country (1992-) - Statistics

General Stats
  • This quiz has been taken 59 times
  • The average score is 28 of 44
Answer Stats
Country Total ๐ŸŸฐ Answer % Correct
France ๐Ÿ‡ซ๐Ÿ‡ท 748 Thierry Henry | Olivier Giroud | Robert Pires | Alexandre Lacazette | Sylvain Wiltord | Patrick Vieira | Nicolas Anelka | Samir Nasri | Laurent Koscielny | Abou Diaby | William Gallas | Mathieu Flamini | Emmanuel Petit | Jeremie Aliadiere | Giles Grimandi | Bacary Sagna | William Saliba | Pascal Cygan | Mikael Silvestre | Sebastien Squillaci | Gael Clichy | Yaya Sanogo | Matteo Guendouzi
100%
Germany ๐Ÿ‡ฉ๐Ÿ‡ช 120 Mesut Ozil | Lukas Podolski |Kai Havertz | Per Mertesacker | Shkodran Mustafi | Alberto Mendez | Stefan Malz | Serge Gnabry | Thomas Eisfeld
96%
Netherlands ๐Ÿ‡ณ๐Ÿ‡ฑ 295 Robin Van Persie | Dennis Bergkamp | Marc Overmars | Giovanni van Bronckhorst | Glenn Helder
94%
Brazil ๐Ÿ‡ง๐Ÿ‡ท 153 Gabriel Martinelli | Gilberto Silva |Gabriel Jesus | Gabriel Magalhaes | Edu Gaspar | Julio Baptista | Denilson | Sylvinho | David Luiz | Andre Santos | Gabriel Paulista | Willian | Marquinhos
94%
Switzerland ๐Ÿ‡จ๐Ÿ‡ญ 29 Granit Xhaka | Philippe Senderos |Johan Djourou | Stephan Lichtsteiner
92%
Chile ๐Ÿ‡จ๐Ÿ‡ฑ 80 Alexis Sanchez
90%
Spain ๐Ÿ‡ช๐Ÿ‡ธ 158 Cesc Fabregas | Santi Cazorla | Jose Reyes | Mikel Arteta | Nacho Monreal | Hector Bellerin | Lucas Perez | Dani Ceballos | Fran Merida | Pablo Mari | Ignasi Miquel
90%
Gabon ๐Ÿ‡ฌ๐Ÿ‡ฆ 92 Pierre-Emerick Aubameyang
90%
Russia ๐Ÿ‡ท๐Ÿ‡บ 31 Andrey Arshavin
88%
Norway ๐Ÿ‡ณ๐Ÿ‡ด 35 Martin Odegaard
88%
Wales ๐Ÿด๓ ง๓ ข๓ ท๓ ฌ๓ ณ๓ ฟ 81 Aaron Ramsey | John Hartson
86%
Belgium ๐Ÿ‡ง๐Ÿ‡ช 35 Leandro Trossard | Thomas Vermaelen
86%
Cรดte dโ€™Ivoire ๐Ÿ‡จ๐Ÿ‡ฎ 62 Nicolas Pepe | Kolo Toure | Gervinho| Emmanuel Eboue
86%
Nigeria ๐Ÿ‡ณ๐Ÿ‡ฌ 59 Nwankwo Kanu | Alex Iwobi
78%
Togo ๐Ÿ‡น๐Ÿ‡ฌ 62 Emmanuel Adebayor
76%
Egypt ๐Ÿ‡ช๐Ÿ‡ฌ 6 Mohamed Elneny
75%
Sweden ๐Ÿ‡ธ๐Ÿ‡ช 95 Freddie Ljungberg | Anders Limpar |Stefan Schwarz
73%
Czechia ๐Ÿ‡จ๐Ÿ‡ฟ 28 Tomas Rosicky
73%
Italy ๐Ÿ‡ฎ๐Ÿ‡น 5 Arturo Lupoli | Riccardo Calafiori |Jorginho
71%
Scotland ๐Ÿด๓ ง๓ ข๓ ณ๓ ฃ๓ ด๓ ฟ 9 Kieran Tierney | Paul Dickov |Scott Marshall
71%
Armenia ๐Ÿ‡ฆ๐Ÿ‡ฒ 9 Henrikh Mkhitaryan
69%
Cameroon ๐Ÿ‡จ๐Ÿ‡ฒ 20 Lauren | Alex Song
67%
Ukraine ๐Ÿ‡บ๐Ÿ‡ฆ 2 Oleksandr Zinchenko
67%
Japan ๐Ÿ‡ฏ๐Ÿ‡ต 2 Takehiro Tomiyasu
67%
Belarus ๐Ÿ‡ง๐Ÿ‡พ 10 Aleksandar Hleb
65%
Greece ๐Ÿ‡ฌ๐Ÿ‡ท 6 Sokratis
65%
Ghana ๐Ÿ‡ฌ๐Ÿ‡ญ 8 Thomas Partey | Quincy-Owusu Abeyie
65%
Denmark ๐Ÿ‡ฉ๐Ÿ‡ฐ 48 Nicklas Bendtner | John Jensen
63%
Portugal ๐Ÿ‡ต๐Ÿ‡น 10 Luis Boa Morte | Fabio Vieira | Cedric Soares | Nuno Tavares
59%
Croatia ๐Ÿ‡ญ๐Ÿ‡ท 31 Eduardo | Davor Suker
55%
Costa Rica ๐Ÿ‡จ๐Ÿ‡ท 4 Joel Campbell
53%
Morocco ๐Ÿ‡ฒ๐Ÿ‡ฆ 14 Marouane Chamakh
51%
Bosnia ๐Ÿ‡ง๐Ÿ‡ฆ 5 Sead Kolasinac
51%
Israel ๐Ÿ‡ฎ๐Ÿ‡ฑ 6 Yossi Benayoun
51%
Uruguay ๐Ÿ‡บ๐Ÿ‡พ 4 Lucas Torreira
49%
Poland ๐Ÿ‡ต๐Ÿ‡ฑ 2 Jakub Kiwior
47%
Mexico ๐Ÿ‡ฒ๐Ÿ‡ฝ 11 Carlos Vela
41%
South Korea ๐Ÿ‡ฐ๐Ÿ‡ท 1 Chu Young Park
37%
Liberia ๐Ÿ‡ฑ๐Ÿ‡ท 5 Chris Wreh
25%
USA ๐Ÿ‡บ๐Ÿ‡ธ 3 Folarin Balogun | Daniel Karbassiyoon
20%
Latvia ๐Ÿ‡ฑ๐Ÿ‡ป 1 Igors Stepanovs
20%
Trinidad ๐Ÿ‡น๐Ÿ‡น 1 Justin Hoyte
14%
Argentina ๐Ÿ‡ฆ๐Ÿ‡ท 1 Nelson Vivas
12%
Ireland ๐Ÿ‡ฎ๐Ÿ‡ช 1 Eddie McGoldrick
10%
No matching quizzes found
Score Distribution
Percent of People with Each Score
Percentile by Number Answered
Your Score History
You have not taken this quiz